Keadilan dalam islam

Bibliographic Details
Main Author: Rogayah Yusuf
Format: Book
Published: Melaka : Penerbitan Hartamas , 2005
Series:Islam cahaya kebenaran
Subjects:

MARC

LEADER 00000cam a2200000 7i4500
001 0000048253
005 20220105105341.0
008 150611
020 |a 9830341909 
090 0 0 |a REG   |b MAL 
100 1 |a Rogayah Yusuf 
245 1 0 |a Keadilan dalam islam   |c Rogayah Yusuf 
260 |a Melaka :   |b Penerbitan Hartamas ,   |c 2005 
300 |a 54pg :   |b ill. 
490 1 |a Islam cahaya kebenaran 
500 |a Children ages 7-9 years old (orange) 
650 0 |a Children's stories, Malay 
999 |a 0000931129   |b Book   |c Children Collection   |e Cawangan Tangkak